| 000 | 00443nam a2200157 i 4500 | ||
|---|---|---|---|
| 001 | 66044 | ||
| 003 | ES-MaACL | ||
| 005 | 20230906165530.0 | ||
| 007 | t| | ||
| 008 | 040126s1929 ag ||||1| spa d | ||
| 100 | 1 |
_aFurlong, Guillermo. _953045 |
|
| 245 | 1 | 3 |
_aLa personalidad y la obra de Tomás Falkner / _cGuillermo Furlong. |
| 260 |
_aBuenos Aires : _bJacobo Penser, _c1929. |
||
| 300 |
_a110 p. ; _c26 cm. |
||
| 852 |
_aES-MaACL _j1761-F-14 |
||
| 999 |
_c66044 _d66044 |
||